000 00293nam a2200133Ia 4500
100 _aShah/M.M./ Kulkarni/ Vivek
942 _cBK
654 _aProgramming
245 _aComputer Programming 1
260 _bTechnova
_aPune
_c2001
082 _a5.1
_bSHA/KUL
546 _aENGLISH
999 _c29949
_d29949